| 000 | 00504nam a2200181Ia 4500 | ||
|---|---|---|---|
| 003 | GCL | ||
| 008 | 140319s9999 xx 000 0 eng d | ||
| 040 |
_aGCL / _cGCL |
||
| 082 | 0 | 4 |
_a823 _bG A |
| 100 | 1 | _aMCGEADY, MARY ROSE | |
| 245 | 1 | 0 |
_aAM I GOING TO HEAVEN ? : _bLETTERS FROM STREET / _cMCGEADY, MARY ROSE |
| 260 |
_aنيويورك : _bCOVENANT HOUSE ، _c1988 |
||
| 300 |
_a18 CM ؛ _c85 P |
||
| 650 | 0 | 4 | _aLITERATURE |
| 650 | 0 | 4 | _aAMERICAN FICTION |
| 650 | 0 | 4 | _aAMERICAN LITERATURE |
| 942 |
_2ddc _cBK |
||
| 999 |
_c86 _d86 |
||